000 03330cam a22005537i 4500
999 _c10076
_d10076
001 19254704
003 GBCCL
005 20241126110725.0
008 160830t20152015miu d b 000 0deng d
010 _a 2016449248
020 _a9780310745990
_q(hardcover)
020 _a0310745993
_q(hardcover)
020 _z9780310745488
_qebook
035 _a(OCoLC)ocn882191550
040 _aBTCTA
_beng
_cBTCTA
_erda
_dBDX
_dOCP
_dCLE
_dJQM
_dOCLCF
_dAHS
_dOCL
_dYDXCP
_dDLC
042 _alccopycat
050 0 0 _aRD592.9.C37
_bA3 2015
082 0 4 _a617.48092
_223
_bCAR
100 1 _aCarson, Ben,
_eauthor.
_917488
245 1 0 _aYou have a brain /
_cBen Carson, MD, with Gregg Lewis & Deborah Shaw Lewis.
246 1 4 _aYou have a brain :
_ba teen's guide to T.H.I.N.K. B.I.G.
264 1 _aGrand Rapids, Michigan :
_bZondervan,
_c[2015]
264 4 _c©2015
300 _a231 pages ;
_c22 cm
336 _atext
_btxt
_2rdacontent
337 _aunmediated
_bn
_2rdamedia
338 _avolume
_bnc
_2rdacarrier
500 _a"Includes discussion questions"--Cover.
504 _aIncludes bibliographical references.
505 0 _aThe amazing brain -- Think beyond the can -- Gone -- How we got smart -- Bookworm -- Taming my temper -- Expanding my options -- The smartest choice -- Off to college -- The challenge: medical school -- Becoming a neurosurgeon -- More twins -- Mother's influence -- Talent -- Honesty -- Insight -- Nice -- Knowledge -- Books -- In-depth learning -- God -- Think big -- Appendix: personal talent assessment.
520 _aThroughout his life, renowned neurosurgeon Dr. Benjamin Carson has needed to overcome many obstacles: his father leaving the family, being considered stupid by his classmates in grade school, growing up in inner-city Detroit, and having a violent temper. But Dr. Carson didn't let his circumstances control him and instead discovered eight principles that helped shape his future... Dr. Carson unpacks the eight important parts of Thinking Big: Talent, Honesty, Insight, being Nice, Knowledge, Books, In-Depth learning, and God, and presents the stories of people who demonstrated those things in his life. By applying the idea of THINK BIG to your life, and by looking at those around you as well, you too can overcome obstacles and work toward achieving your dreams--
_cSource other than the Library of Congress.
600 1 0 _aCarson, Ben.
_917488
600 1 7 _aCarson, Ben.
_2fast
_0(OCoLC)fst00263884
_917488
650 0 _aSuccess.
_91179
650 0 _aAcademic achievement.
_917489
650 0 _aNeurosurgeons
_zUnited States
_vBiography.
_917490
650 0 _aAfrican American surgeons
_vBiography.
_917491
650 7 _aAcademic achievement.
_2fast
_0(OCoLC)fst00794949
_917489
650 7 _aAfrican American surgeons.
_2fast
_0(OCoLC)fst00799383
_917492
650 7 _aNeurosurgeons.
_2fast
_0(OCoLC)fst01036549
_917493
650 7 _aSuccess.
_2fast
_0(OCoLC)fst01137041
_91179
651 7 _aUnited States.
_2fast
_0(OCoLC)fst01204155
_91622
655 7 _aBiography.
_2fast
_0(OCoLC)fst01423686
_95066
700 1 _aLewis, Gregg,
_d1951-
_eauthor.
_95347
700 1 _aLewis, Deborah Shaw,
_d1951-
_eauthor.
_917494
906 _a7
_bcbc
_ccopycat
_d2
_encip
_f20
_gy-gencatlg
942 _2ddc
_cBK